| 000 | 00976nam a22002777a 4500 | ||
|---|---|---|---|
| 003 | DO-SdBNP | ||
| 005 | 20221007133243.0 | ||
| 007 | ta | ||
| 008 | 220901b2022 dr ||||| |||| 00| 0 spa d | ||
| 020 | _a9798843044619 | ||
| 040 |
_aDO-SdBNP _bspa _cBNPHU |
||
| 082 | 4 |
_aRD861.44 _bB268m _222 |
|
| 100 |
_956338 _aBarranco Ventura, Jimmy, _d1951- |
||
| 245 | 1 | 0 |
_aMi abuelito decimero / _cJimmy Barranco Ventura ; edición Ramón Saba ; ilustración Ezequiel Martínez ; prólogo Huchi Lora |
| 260 |
_aSanto Domingo : _bSoto Castillo, _c2022. |
||
| 300 |
_a161 p. ; _c24 cm. |
||
| 500 | _aIncluye datos biográficos del autor en la solapa de la cubierta | ||
| 590 | _aInventariado, 2022/BT | ||
| 650 | _aPoesía dominicana | ||
| 650 | _a Literatura dominicana | ||
| 700 | 1 |
_aSaba, Ramón, _eed. _971165 |
|
| 700 | 1 |
_aMartínez, Ezequiel, _eil. _982309 |
|
| 700 | 1 |
_aLora, Huchi, _epról. _919605 |
|
| 910 | _aBtavárez. Validado. Control de calidad. MAA | ||
| 942 |
_2ddc _cLBS1 |
||
| 999 |
_c52356 _d52356 |
||